Interpersonálna komunikácia a jej poruchy

Saved in:
Bibliographic Details
Main Author: Baláž, Jozef
Format: Book
Language:Slovak
Published: Bratislava Slov. ped. nakl. 1988
Edition:1. vyd.
Tags: Add Tag
No Tags, Be the first to tag this record!

MARC

LEADER 00000nam a2200000 4500
001 c030181
005 20221219091701.4
041 0 |a slo 
044 |a SK 
245 1 0 |a Interpersonálna komunikácia a jej poruchy  |c Jozef Baláž 
250 |a 1. vyd. 
264 1 |a Bratislava  |b Slov. ped. nakl.  |c 1988 
300 |a 289 s. 
100 1 |a Baláž, Jozef